Automotive mechanics / (Record no. 337131)
[ view plain ]
| 000 -LEADER | |
|---|---|
| fixed length control field | 00568cam a2200217ua 4500 |
| 020 ## - INTERNATIONAL STANDARD BOOK NUMBER | |
| International Standard Book Number | 0 07 099215 0 |
| Terms of availability | 180.00 |
| 041 ## - LANGUAGE CODE | |
| Language code of text/sound track or separate title | eng |
| Language code of original | |
| 082 ## - DEWEY DECIMAL CLASSIFICATION NUMBER | |
| Classification number | 629.22 |
| Item number | CRO/AU |
| 100 ## - MAIN ENTRY--PERSONAL NAME | |
| Personal name | Crouse, William H . |
| 245 ## - TITLE STATEMENT | |
| Title | Automotive mechanics / |
| Statement of responsibility, etc. | William H Crouse. |
| Medium | Textual Documents |
| 250 ## - EDITION STATEMENT | |
| Edition statement | 9 / |
| Remainder of edition statement | . |
| 260 ## - PUBLICATION, DISTRIBUTION, ETC. (IMPRINT) | |
| Place of publication, distribution, etc. | New Delhi : |
| Name of publisher, distributor, etc. | Tata Mc-Graw Hill Publishing Company , |
| Date of publication, distribution, etc. | 1993. |
| 300 ## - PHYSICAL DESCRIPTION | |
| Extent | 665 ; . |
| 365 ## - TRADE PRICE | |
| Price type code | 180.00 |
| 500 ## - GENERAL NOTE | |
| General note | * CSS |
| 504 ## - BIBLIOGRAPHY, ETC. NOTE | |
| Bibliography, etc | |
| 700 1# - ADDED ENTRY--PERSONAL NAME | |
| Personal name | Anglin, Donald . |
| 942 ## - ADDED ENTRY ELEMENTS (KOHA) | |
| Koha item type | Books (General) |
| Withdrawn status | Lost status | Damaged status | Not for loan | Home library | Current library | Date acquired | Total Checkouts | Full call number | Barcode | Date last seen | Copy number | Price effective from | Koha item type | Shelving location |
|---|---|---|---|---|---|---|---|---|---|---|---|---|---|---|
| Kelappaji College of Agricultural Engineering & Technology Library, Tavanur | Kelappaji College of Agricultural Engineering & Technology Library, Tavanur | 07/04/2012 | 629.22 | KAU_KCAEFT-18023 | 03/09/2025 | 2 | 07/04/2012 | Books (General) | ||||||
| Kelappaji College of Agricultural Engineering & Technology Library, Tavanur | Kelappaji College of Agricultural Engineering & Technology Library, Tavanur | 13/09/2018 | 629.22 CRO/AU | KAU_KCAEFT-18365 | 13/09/2018 | 13/09/2018 | Book Bank scheme for SC students |
